000
00209nam a22000977a 4500
999
_c
15758
_d
15758
003
OSt
008
191015b ||||| |||| 00| 0 eng d
100
_a
vallathol
_9
4295
245
_a
Grama soubhagyam
942
_c
BK